| 000 | 00805nam a22002297a 4500 | ||
|---|---|---|---|
| 999 |
_c442816 _d442816 |
||
| 003 | UA-OsUOA | ||
| 005 | 20191219125424.0 | ||
| 008 | 191115b un ||||| |||| 00| 0 ukr d | ||
| 040 |
_aUA-OsUOA _bukr _cUA-OsUOA _dUA-OsUOA |
||
| 041 | _aukr | ||
| 080 | _a821.161.1 | ||
| 090 |
_a821.161.1 _bШ78 |
||
| 100 | _aЩолохов М | ||
| 245 |
_aВони воювали за Батьківщину _bрозділи з роману _cМихайло Шолохов ; перекл. з рос.С. Ковганюк |
||
| 260 |
_aКиїв _bДніпро _c1975 |
||
| 300 | _a203 с. | ||
| 490 | _aМужність | ||
| 650 | _a821.161.1 | ||
| 942 |
_2udc _cBK |
||
| 955 | _a3 | ||